00665nam a2200217Ia 4500008004100000020001800041050001400059100001700073245002500090245003800115245005400153260001500207260001600222260000900238300001400247300002500261300001000286440002900296999001900325952010300344180207s9999 xx 000 0 und d a9781586683020 bB512 2003 aBerk, Sheryl 4aThe new babysitter : ba little help with a new friend / cby Sheryl Berk ; illustrated by Kathryn Yingling. aNew York : bScholastic, c2003 aunpaged : bcolor illustration ; c23cm. aBarney's little lessons. c355524d355524 001040aSSISMbSSISMd2018-02-07l0oER B512 2003pSSISM5069r2018-02-07 00:00:00w2018-02-07yBK